| 000 | 01011nam a2200349 a 4500 | ||
|---|---|---|---|
| 003 | AR-BaBNM | ||
| 005 | 20251128205131.0 | ||
| 008 | 082120s2002 ||||||||||||||000 | spa|| | ||
| 020 | _a950-557-169-0 | ||
| 040 | _cAR-BaBNM | ||
| 100 | 1 | _aPetras, James F. | |
| 245 | 0 | 0 |
_aClase, estado y poder en el tercer mundo _bcasos de conflictos de clases en América Latina |
| 250 | _a1ª ed. | ||
| 260 |
_aBuenos Aires _bFondo de Cultura Económica _c1993 |
||
| 300 |
_a313 p. _btablas |
||
| 490 | 0 | _aSección de obras de sociología | |
| 600 | 1 | 4 | _aMarx, Karl |
| 650 | 4 | _aSOCIOLOGIA | |
| 650 | 4 | _aPOLITICA | |
| 650 | 4 | _aPROCESOS SOCIALES | |
| 650 | 4 | _aCAMBIO SOCIAL | |
| 650 | 4 | _aCONFLICTO SOCIAL | |
| 650 | 4 | _aCAPITALISMO | |
| 651 | 4 | _aAmérica Latina | |
| 653 | _aTERCER MUNDO | ||
| 700 | 1 |
_aSuárez, Eduardo L. _etraductor |
|
| 700 | 1 |
_aHavens, Eugene _ecolaborador |
|
| 700 | 1 |
_aMorley, Morris H. _ecolaborador |
|
| 700 | 1 |
_aDe Witt, Peter _ecolaborador |
|
| 942 | _cBK | ||
| 998 | _cEnrique | ||
| 999 |
_c10129 _d10129 |
||